|
|
|
|
| LEADER |
00000cam a2200000 4500 |
| 001 |
vtls012256918 |
| 003 |
SK-MaSNL |
| 005 |
20260301105819.0 |
| 008 |
240528s2021 xo o g f 000 0 hun |
| 015 |
|
|
|a SNBA2024/06
|
| 020 |
|
|
|a 9788082040695
|q (viazané)
|
| 040 |
|
|
|a SNK
|b slo
|c SNK
|e rda
|
| 041 |
0 |
|
|a hun
|
| 044 |
|
|
|a xo
|c SK
|
| 072 |
|
7 |
|a 641
|x Kuchárstvo. Potraviny. Varené jedlá
|2 konspekt
|
| 080 |
|
|
|a 641.85
|2 2011
|
| 080 |
|
|
|a 641.853
|2 2011
|
| 080 |
|
|
|a (083.12)
|2 2011
|
| 100 |
1 |
|
|a Liptai, Zoltán,
|d 1976-
|4 aut
|9 158039
|
| 245 |
1 |
0 |
|a Sütés nélküli édességek, sütemények
|c szerző: Zoltán Liptai ; fotók: István Ruff
|
| 246 |
1 |
|
|i Obálkový podnázov:
|a 78 kiváló recept
|
| 250 |
|
|
|a Első kiadás
|
| 264 |
|
1 |
|a [Nesvady]
|b Foni book
|c 2021
|
| 300 |
|
|
|a 159 strán
|b farebné fotografie
|c 25 cm
|
| 336 |
|
|
|a text
|b txt
|2 rdacontent
|
| 336 |
|
|
|a statický obraz
|b sti
|2 rdacontent
|
| 337 |
|
|
|a bez média
|b n
|2 rdamedia
|
| 338 |
|
|
|a zväzok
|b nc
|2 rdacarrier
|
| 500 |
|
|
|a Miesto vydania podľa NA ISBN
|
| 650 |
0 |
7 |
|a koláče
|2 SNKPH
|9 51333
|
| 650 |
0 |
7 |
|a torty
|2 SNKPH
|9 668
|
| 650 |
0 |
7 |
|a Pies
|2 SNKPHeng
|9 329231
|
| 650 |
0 |
7 |
|a Cake
|2 SNKPHeng
|9 314236
|
| 655 |
|
7 |
|a kuchárske recepty
|2 SNKPH
|9 70493
|
| 655 |
|
7 |
|a Cookbooks
|2 SNKPHeng
|9 270340
|
| 700 |
1 |
|
|a Ruff, István
|4 pht
|9 53754
|
| 852 |
|
|
|a Slovenská národná knižnica
|
| 919 |
|
|
|a 978-80-8204-069-5
|
| 954 |
|
|
|a iná literatúra (príručky, kuchárske knihy, hobby literatúra, sprievodcovia) cudzojazyčná (svetová)
|2 lita
|
| 999 |
|
|
|c 701749
|d 703679
|
| 952 |
|
|
|a SNK
|b SNK
|y PREZ
|7 0
|p 17A1549865
|o snkSC 206625
|i snk2024/8411
|8 0
|0 0
|1 0
|4 0
|d 2024-05-28
|l 0
|r 2025-10-29 00:00:00
|w 2026-02-23
|
| 952 |
|
|
|a SNK
|b SNK
|y VYP
|7 0
|p 17A1549866
|o snkSC 206625 D1
|i snk2024/8412
|8 0
|0 0
|1 0
|4 0
|d 2024-05-28
|l 0
|r 2026-02-23 21:01:38
|w 2026-02-23
|